Inovácia hotelového produktu bakalárska práca

Na minha lista:
Detalhes bibliográficos
Autor principal: Farbaky, Martin
Autor Corporativo: Obchodná fakulta EU. Katedra služieb a cestovného ruchu - zrušené
Outros Autores: Staňo, Roman
Formato: Livro
Idioma:eslovaco
Publicado em: Bratislava 2011
Tags: Adicionar Tag
Sem tags, seja o primeiro a adicionar uma tag!

MARC

LEADER 00000nbm a2200000 4500
001 0140464
005 20161109111718.2
041 0 |a slo 
044 |a SK 
245 1 0 |a Inovácia hotelového produktu  |b bakalárska práca  |c Martin Farbaky ; školiteľ: Roman Staňo 
264 1 |a Bratislava  |c 2011 
300 |a 46 s. 
100 1 |a Farbaky, Martin 
700 1 |a Staňo, Roman 
710 2 |a Obchodná fakulta EU. Katedra služieb a cestovného ruchu - zrušené